000 00309nam a2200157Ia 4500
100 _aLudlum/Robert
650 _aFiction
942 _cBK
366 _f20
245 _aBourne Identity
260 _bBantom Books
_c2002
082 _a808.83/LUD
_bLUD
300 _a535
546 _aENGLISH
999 _c30406
_d30406